Pays qualifiés pour la coupe du monde 2022 - Statistiques

Statistiques générales
  • Ce quiz a été pris 178 fois
  • Le résultat moyen est 27 sur 32
Statistiques - réponses
Groupe Pays % Correct
D France
99%
C Argentine
97%
G Brésil
95%
E Japon
95%
F Maroc
95%
H Portugal
95%
E Espagne
93%
A Qatar
93%
E Allemagne
92%
B États-Unis
91%
B Angleterre
90%
D Australie
90%
D Danemark
90%
A Pays-Bas
90%
F Belgique
87%
F Canada
86%
H Corée du Sud
86%
C Mexique
86%
A Sénégal
86%
D Tunisie
86%
H Uruguay
86%
G Suisse
84%
C Arabie Saoudite
80%
F Croatie
80%
C Pologne
80%
G Cameroun
74%
A Équateur
73%
B Iran
72%
G Serbie
65%
H Ghana
64%
E Costa Rica
61%
B Pays de Galles
59%
Aucun quiz correspondant
Distribution des résultats
% des personnes avec chaque résultat
Percentile par nombre de réponses
Votre historique - résultats
Vous n’avez pas pris ce quiz